00433 2200181 4500001002100000005001500021008004100036020002200077035001900099041000700118082001000125090001400135245001500149260002800164300003400192500001000226650001500236INLIS00000000000131620241224112328241224||||||||| | ||| |||| || |  a978-602-8257-02-2 0010-1224001316 aid0 a567.9 a567.9 DIN00aDinosaurus bAnaksaleh Pratamac2008 avii, 40 hlm. : ilus, ; 27 cm. aCet.1 0aIlmu Murni